000 00763cam a22002531 4500
001 29593
003 BD-RjUL
005 20211209051430.0
008 140406s1967 nyua b 001 0 eng d
035 _a(BD-RjUL)
035 _a(OCoLC)174249
040 _aDLC
_cOO
_dOCoLC
_dUk
_dDLC
_dBD-RjUL
_beng
041 _aeng
082 0 0 _a155.4
_bINF 1967
245 1 0 _aInfancy and early childhood :
_ba handbook and guide to human development /
_cedited by Yvonne Brackbill.
260 _aNew York :
_bFree Press,
_c1967.
300 _ax, 523 p. :
_billus. ;
_c24 cm.
504 _aIncludes bibliographies. and Index
650 0 _aInfants.
_990181
700 1 _aBrackbill, Yvonne.
_990182
942 _2ddc
_cBK
999 _c29593
_d29593